[Event "C.to Italiano Semifinale"]
[Site "Saint Vincent - Chatillon ITA"]
[Date "2008.07.22"]
[Round "4"]
[White "Sbarra, Marco"]
[Black "Ferri, Stefano"]
[Result "0-1"]
[WhiteElo "2236"]
[BlackElo "2146"]
[PlyCount "114"]
[EventDate "2008.07.19"]

1. d4 Nf6 2. c4 g6 3. Nc3 d5 4. e3 Bg7 5. Nf3 O-O 6. Be2 c5 7. O-O cxd4 8. exd4
Nc6 9. h3 dxc4 10. Bxc4 a6 11. a3 b5 12. Ba2 Bb7 13. d5 Na5 14. Ne5 Rc8 15. Bg5
Nc4 16. Bxc4 bxc4 17. Nc6 Bxc6 18. dxc6 Qxd1 19. Raxd1 Rxc6 20. Bxf6 Bxf6 21.
Nd5 Kg7 22. Nxf6 Kxf6 23. Rfe1 Rd6 24. Rc1 Rc8 25. Rc3 Rd3 26. Rec1 Rxc3 27.
Rxc3 Ke5 28. Re3+ Kd6 29. Kf1 e5 30. Ke1 Rb8 31. Re2 Rb5 32. Kd1 Rd5+ 33. Kc2
Kc5 34. Re3 Kd4 35. b3 cxb3+ 36. Rxb3 e4 37. Rb4+ Ke5 38. Rb7 Ke6 39. Rb4 f5
40. h4 Ke5 41. Rb7 Ra5 42. Rb3 f4 43. Kd2 Ra4 44. Rc3 Kd4 45. g3 f3 46. Rb3 Ra5
47. Rb4+ Kd5 48. Rb3 Rb5 49. Rc3 Kd4 50. Rc8 Rb2+ 51. Ke1 Re2+ 52. Kf1 Ra2 53.
Rd8+ Ke5 54. Re8+ Kf5 55. Rf8+ Kg4 56. Rf4+ Kh3 57. Rxe4 Rxa3 0-1

[Event "C.to Italiano Semifinale"]
[Site "Saint Vincent - Chatillon ITA"]
[Date "2008.07.22"]
[Round "4"]
[White "Ubezio, Marco"]
[Black "Contin, Daniel"]
[Result "1/2-1/2"]
[WhiteElo "2181"]
[BlackElo "2304"]
[PlyCount "158"]
[EventDate "2008.07.19"]

1. d4 e6 2. e4 d5 3. Nc3 Bb4 4. exd5 exd5 5. Bd3 Nc6 6. a3 Bxc3+ 7. bxc3 Nce7
8. Qf3 Nf6 9. Bg5 Ne4 10. Bxe4 dxe4 11. Qxe4 f6 12. Bf4 c6 13. Nf3 Bf5 14. Qe2
O-O 15. O-O Nd5 16. Bg3 Re8 17. Qd2 Nb6 18. Rae1 Be4 19. Ne5 Bd5 20. Nd3 Nc4
21. Rxe8+ Qxe8 22. Qc1 a5 23. a4 b5 24. Re1 Qf7 25. Nc5 h5 26. h4 Re8 27. Rxe8+
Qxe8 28. Qd1 Qg6 29. Qd3 Qg4 30. Kh2 Nb2 31. Qe3 Kf7 32. f3 Qc8 33. Bd6 Qe8 34.
Qxe8+ Kxe8 35. Nb7 Nc4 36. Bc5 bxa4 37. Nd6+ Kd7 38. Nxc4 Bxc4 39. Kg1 Ke6 40.
Kf2 Kd5 41. Ke3 Bf1 42. g3 Bg2 43. f4 Bf1 44. Ba3 Bc4 45. Bc5 Ba6 46. Ba3 Bc8
47. Bf8 Bf5 48. Kd2 g6 49. Be7 Ke6 50. Ba3 Be4 51. c4 Kf5 52. Ke3 Bxc2 53. d5
cxd5 54. cxd5 Bb3 55. d6 Be6 56. Bb2 Bd7 57. Ba3 Kg4 58. Kf2 Bc6 59. Bb2 Kf5
60. Ke3 Ke6 61. Kd2 f5 62. Be5 Kd5 63. Kc3 Bb5 64. Kb2 Kc4 65. Ka3 Kd3 66. Bb2
Ke3 67. Bc3 Kf2 68. Bf6 Kxg3 69. Bg5 Kf3 70. Bh6 Ke4 71. Bg5 Kd5 72. Be7 Bd7
73. Kb2 Kc5 74. Ka3 Kc4 75. Bg5 Kd5 76. Be7 Ke6 77. Kb2 g5 78. Bxg5 Kxd6 79.
Ka3 Be8 1/2-1/2

[Event "C.to Italiano Semifinale"]
[Site "Saint Vincent - Chatillon ITA"]
[Date "2008.07.22"]
[Round "4"]
[White "Valsecchi, Alessio"]
[Black "Bonafede, Alessandro"]
[Result "0-1"]
[WhiteElo "2298"]
[BlackElo "2329"]
[PlyCount "62"]
[EventDate "2008.07.19"]

1. Nf3 Nf6 2. c4 d6 3. d4 Nbd7 4. g3 e5 5. Bg2 g6 6. O-O Bg7 7. Nc3 O-O 8. b3
Re8 9. Bb2 c6 10. dxe5 dxe5 11. Ng5 Qc7 12. Nge4 Nxe4 13. Nxe4 f5 14. Qd6 Qd8
15. Nc3 Bf8 16. Qd2 Qe7 17. a3 Nf6 18. b4 Be6 19. c5 Rad8 20. Qc1 Qf7 21. Nb1
e4 22. Nd2 Bh6 23. e3 Rd7 24. Re1 Red8 25. Bc3 Bg7 26. Bf1 Ng4 27. Rd1 Bxc3 28.
Qxc3 Qf6 29. Qc1 Rxd2 30. Rxd2 Rxd2 31. Qxd2 Qxa1 0-1

[Event "C.to Italiano Semifinale"]
[Site "Saint Vincent - Chatillon ITA"]
[Date "2008.07.22"]
[Round "4"]
[White "Vezzosi, Paolo"]
[Black "De Florio, Federico"]
[Result "1-0"]
[WhiteElo "2352"]
[BlackElo "2106"]
[PlyCount "57"]
[EventDate "2008.07.19"]

1. d4 d5 2. c4 e6 3. Nc3 Nf6 4. Bg5 Be7 5. e3 c6 6. Nf3 Nbd7 7. Qc2 O-O 8. Rd1
a6 9. cxd5 exd5 10. Bd3 Re8 11. O-O h6 12. Bf4 Nf8 13. h3 Ne6 14. Bh2 Ng5 15.
Ne5 Bd6 16. f3 Qe7 17. Kh1 c5 18. f4 Ne6 19. dxc5 Bxc5 20. Nxd5 Nxd5 21. Bh7+
Kh8 22. Rxd5 Bxe3 23. Bg6 Rf8 24. Bxf7 Qxf7 25. Nxf7+ Rxf7 26. f5 Bg5 27. h4
Be7 28. Re1 Nf8 29. Qc7 1-0

[Event "C.to Italiano Semifinale"]
[Site "Saint Vincent - Chatillon ITA"]
[Date "2008.07.23"]
[Round "5"]
[White "Astengo, Marcello"]
[Black "Ricci, Marco"]
[Result "1-0"]
[WhiteElo "2075"]
[BlackElo "2139"]
[PlyCount "55"]
[EventDate "2008.07.19"]

1. d4 Nf6 2. c4 g6 3. Nc3 Bg7 4. e4 d6 5. f3 O-O 6. Be3 Nbd7 7. Qd2 c5 8. Nge2
Qa5 9. Rd1 a6 10. Nc1 cxd4 11. Bxd4 Ne5 12. Nb3 Qc7 13. Nd5 Nxd5 14. cxd5 e6
15. Be2 exd5 16. exd5 b5 17. Rc1 Qe7 18. O-O f5 19. Rfe1 f4 20. Qa5 Bd7 21. Bf1
Rfc8 22. Kh1 Qf7 23. Rc7 Qxd5 24. Bxe5 dxe5 25. Bc4 Qxc4 26. Rxc4 Rxc4 27. Qd2
Bf5 28. Qd5+ 1-0

[Event "C.to Italiano Semifinale"]
[Site "Saint Vincent - Chatillon ITA"]
[Date "2008.07.23"]
[Round "5"]
[White "Barletta, Mauro"]
[Black "Valsecchi, Alessio"]
[Result "1-0"]
[WhiteElo "2205"]
[BlackElo "2298"]
[PlyCount "86"]
[EventDate "2008.07.19"]

1. e4 c5 2. Nf3 d6 3. d3 Nc6 4. g3 g6 5. Bg2 Bg7 6. O-O e5 7. c3 Nge7 8. a3 a5
9. a4 O-O 10. Na3 h6 11. Nd2 Be6 12. Ndc4 f5 13. Ne3 Qd7 14. Nd5 Ra6 15. Nb5
Bxd5 16. exd5 Nd8 17. f4 Nf7 18. Be3 Rc8 19. Qd2 Kh7 20. Kh1 Ng8 21. Rae1 Nf6
22. Bg1 exf4 23. gxf4 Raa8 24. Re6 Re8 25. Rfe1 g5 26. d4 g4 27. Qc2 Kg6 28.
dxc5 dxc5 29. Bxc5 h5 30. Nd4 Nh6 31. R1e5 Rxe6 32. dxe6 Qe8 33. Nxf5 Nxf5 34.
Qxf5+ Kh6 35. b3 Rc8 36. Bd4 Qg6 37. Qxg6+ Kxg6 38. Rg5+ Kh6 39. Bxb7 Re8 40.
Re5 h4 41. Bc6 Rc8 42. Bd7 Rb8 43. Rb5 Rxb5 1-0

[Event "C.to Italiano Semifinale"]
[Site "Saint Vincent - Chatillon ITA"]
[Date "2008.07.23"]
[Round "5"]
[White "Bonafede, Alessandro"]
[Black "Piscopo, Pierluigi"]
[Result "0-1"]
[WhiteElo "2329"]
[BlackElo "2389"]
[PlyCount "68"]
[EventDate "2008.07.19"]

1. e4 c5 2. Nf3 d6 3. d4 cxd4 4. Nxd4 Nf6 5. Nc3 Bd7 6. Bg5 h6 7. Bxf6 gxf6 8.
f4 Nc6 9. Nb3 h5 10. Be2 h4 11. Bh5 f5 12. g4 fxg4 13. Bxg4 e6 14. Qd2 Qb6 15.
O-O-O Ne5 16. h3 Bh6 17. Kb1 Nc4 18. Qh2 Rc8 19. Rd3 Bg7 20. e5 dxe5 21. f5 e4
22. fxe6 Bxe6 23. Bxe6 Qxe6 24. Re1 f5 25. Nxe4 fxe4 26. Qf4 Rh5 27. Rxe4 Re5
28. Rdd4 Nd6 29. Rxe5 Bxe5 30. Qg4 Qxg4 31. Rxg4 Rc4 32. Rg5 Re4 33. c3 Re2 34.
Nc1 Re1 0-1

[Event "C.to Italiano Semifinale"]
[Site "Saint Vincent - Chatillon ITA"]
[Date "2008.07.23"]
[Round "5"]
[White "Bruno, Fabio"]
[Black "Vezzosi, Paolo"]
[Result "1/2-1/2"]
[WhiteElo "2453"]
[BlackElo "2352"]
[PlyCount "161"]
[EventDate "2008.07.19"]

1. d4 d6 2. Nf3 Bg4 3. c4 Nd7 4. Qb3 Rb8 5. g3 e5 6. Be3 c6 7. Bg2 Ngf6 8. Nc3
Qa5 9. O-O Be7 10. Qc2 O-O 11. Rab1 Qa6 12. b3 Rfe8 13. Qd2 Bf5 14. Rbc1 h6 15.
h3 Bh7 16. Rfd1 Bf8 17. Ne1 Qa5 18. Nc2 a6 19. f3 Qc7 20. Bf2 Bxc2 21. Rxc2
Rbc8 22. e4 Be7 23. Ne2 Bd8 24. Qc1 Nf8 25. c5 exd4 26. cxd6 Qxd6 27. Bxd4 Qe7
28. Bc5 Qc7 29. Kh2 Be7 30. Bf2 Qa5 31. Nd4 Ba3 32. Qb1 Rcd8 33. Nf5 Rxd1 34.
Qxd1 Ne6 35. Qa1 Nd7 36. Rc4 Bf8 37. f4 Qd2 38. Be3 Qe2 39. Rc1 g6 40. Re1 Qb5
41. Nd4 Nxd4 42. Qxd4 Qb4 43. Qxb4 Bxb4 44. Rd1 Nf8 45. Bb6 Re7 46. Rd4 a5 47.
Rd8 Rd7 48. Rb8 Rd2 49. a3 Bxa3 50. Bxa5 Rd7 51. e5 Kg7 52. Bb6 Ne6 53. Bf1 Bc5
54. Bxc5 Nxc5 55. b4 Ne4 56. Bg2 Nc3 57. Bf1 Nd5 58. b5 cxb5 59. Bxb5 Rc7 60.
Bd3 Nc3 61. Kg2 Rd7 62. Bc4 b5 63. Bf1 f6 64. Bxb5 Rd2+ 65. Kf3 fxe5 66. fxe5
Rd5 67. Rb7+ Kf8 68. Bc4 Rxe5 69. Rf7+ Ke8 70. Rf6 Rf5+ 71. Rxf5 gxf5 72. Bd3
Kf7 73. Bxf5 Kf6 74. Be4 Ke5 75. Bc6 Kd6 76. Bb7 Ke5 77. Bc6 Kd6 78. Bb7 Ke5
79. g4 Nb5 80. Ke3 Nd6 81. Ba6 1/2-1/2

[Event "C.to Italiano Semifinale"]
[Site "Saint Vincent - Chatillon ITA"]
[Date "2008.07.23"]
[Round "5"]
[White "Caprio, Guido"]
[Black "Pepino, Enrico"]
[Result "0-1"]
[WhiteElo "2188"]
[BlackElo "2119"]
[PlyCount "104"]
[EventDate "2008.07.19"]

1. e4 c5 2. Nf3 d6 3. d4 cxd4 4. Nxd4 Nf6 5. Nc3 g6 6. Be3 Bg7 7. f3 O-O 8. Qd2
Nc6 9. O-O-O Nxd4 10. Bxd4 Be6 11. Kb1 Qc7 12. h4 Rfc8 13. h5 Qa5 14. hxg6 hxg6
15. Bd3 b5 16. b3 b4 17. Ne2 Qa3 18. Nf4 Bd7 19. g4 Rc5 20. e5 Rxe5 21. Nh5
gxh5 22. Bxe5 dxe5 23. g5 Nd5 24. Bh7+ Kxh7 25. Qxd5 e4 26. Qxe4+ Bf5 27. Qxf5+
Kg8 28. c3 bxc3 29. Rh2 e6 30. Qe4 Rc8 31. g6 Qe7 32. Re1 c2+ 33. Rxc2 Rxc2 34.
Qxc2 Qf6 35. Qc8+ Bf8 36. gxf7+ Kxf7 37. Qd7+ Be7 38. Qxa7 Qf5+ 39. Re4 Qxf3
40. Qd4 Qf1+ 41. Kc2 Qg2+ 42. Kd3 Qf1+ 43. Re2 Qd1+ 44. Rd2 Qf3+ 45. Qe3 Qxe3+
46. Kxe3 Bg5+ 47. Kd3 Bxd2 48. Kxd2 e5 49. Ke3 Ke6 50. a4 h4 51. Kf3 Kd5 52. a5
e4+ 0-1

[Event "C.to Italiano Semifinale"]
[Site "Saint Vincent - Chatillon ITA"]
[Date "2008.07.23"]
[Round "5"]
[White "Cocchi, Andrea"]
[Black "Lombardi, Mariano"]
[Result "1-0"]
[WhiteElo "2323"]
[BlackElo "1928"]
[PlyCount "107"]
[EventDate "2008.07.19"]

1. Nf3 c5 2. c4 Nf6 3. g3 b6 4. Bg2 Bb7 5. Nc3 g6 6. O-O Bg7 7. d4 cxd4 8. Qxd4
O-O 9. Qh4 d6 10. Bg5 Nbd7 11. b3 Re8 12. Rad1 Rc8 13. e4 Qc7 14. Bh3 a6 15.
Nd4 Rb8 16. Nd5 Nxd5 17. exd5 Nf6 18. a4 Qc5 19. Rfe1 b5 20. axb5 axb5 21. Be3
Qb4 22. Rc1 Ra8 23. g4 bxc4 24. bxc4 Nxd5 25. cxd5 Bxd4 26. Rb1 Bb2 27. Bh6
Bxd5 28. Rxe7 Rxe7 29. Qxe7 Qe4 30. Qxe4 Bxe4 31. Rxb2 Ra1+ 32. Bf1 f5 33. f3
Bxf3 34. gxf5 gxf5 35. Kf2 Be4 36. Be2 Kf7 37. Bf4 Rb1 38. Rxb1 Bxb1 39. Bxd6
Kg6 40. Bf4 Ba2 41. Ke3 Kf6 42. Kd4 Bb1 43. Bd3 Ba2 44. Kc5 Kg6 45. Kd6 Kf6 46.
Bg3 Bf7 47. Bh4+ Kg6 48. Be7 Be8 49. Ke6 Kh5 50. Bxf5 h6 51. Bd3 Kg4 52. Bf5+
Kh5 53. Kf6 Bd7 54. Bxd7 1-0

[Event "C.to Italiano Semifinale"]
[Site "Saint Vincent - Chatillon ITA"]
[Date "2008.07.23"]
[Round "5"]
[White "Contin, Daniel"]
[Black "Puzzoni, Christian"]
[Result "1-0"]
[WhiteElo "2304"]
[BlackElo "2128"]
[PlyCount "63"]
[EventDate "2008.07.19"]

1. c4 b5 2. cxb5 e5 3. d4 e4 4. Nc3 d5 5. Qb3 Be6 6. Bf4 Nf6 7. e3 Be7 8. Nge2
O-O 9. Bg5 c5 10. Nf4 cxd4 11. exd4 Nbd7 12. Be2 h6 13. Nxe6 fxe6 14. Be3 Bd6
15. a4 Qe7 16. O-O Nh7 17. Bg4 h5 18. Bh3 g5 19. Nxd5 exd5 20. Qxd5+ Kh8 21.
Bxd7 Qxd7 22. Qxe4 Rae8 23. Qc6 Qd8 24. d5 Re4 25. Rac1 Qb8 26. h3 Rxa4 27. b6
Ra2 28. bxa7 Qd8 29. Ra1 Rxa7 30. Rxa7 Bb8 31. Bd4+ Nf6 32. Rd7 1-0

[Event "C.to Italiano Semifinale"]
[Site "Saint Vincent - Chatillon ITA"]
[Date "2008.07.23"]
[Round "5"]
[White "De Florio, Federico"]
[Black "Borgiani, Flavio"]
[Result "1/2-1/2"]
[WhiteElo "2106"]
[BlackElo "2215"]
[PlyCount "103"]
[EventDate "2008.07.19"]

1. d4 d6 2. Nf3 f5 3. c4 Nf6 4. Nc3 g6 5. Bg5 Nbd7 6. Qc2 c6 7. e3 Qc7 8. Rd1
Bg7 9. Be2 O-O 10. O-O e5 11. c5 e4 12. cxd6 Qxd6 13. Bf4 Qe7 14. Ne5 Nb6 15.
Nc4 Nxc4 16. Bxc4+ Be6 17. d5 cxd5 18. Nxd5 Qf7 19. Nxf6+ Bxf6 20. Bxe6 Qxe6
21. b3 Rac8 22. Qe2 Be7 23. h3 g5 24. Bh2 f4 25. Qb5 b6 26. Qd7 Qxd7 27. Rxd7
Bc5 28. b4 Bxb4 29. Rd4 fxe3 30. Rxb4 exf2+ 31. Kh1 e3 32. Rb2 Rfe8 33. Re2 h5
34. g4 hxg4 35. hxg4 Rc4 36. Bg3 Kg7 37. Kg2 Rxg4 38. Kf3 Rge4 39. Bxf2 g4+ 40.
Kg3 exf2 41. Rexf2 R8e7 42. Rf4 b5 43. Kxg4 a5 44. Rc1 Re2 45. Rc5 R2e5 46. Rf5
Rxc5 47. Rxc5 Re4+ 48. Kf5 Rb4 49. Ke6 a4 50. Kd5 Rb2 51. a3 Kf6 52. Rc6+
1/2-1/2

[Event "C.to Italiano Semifinale"]
[Site "Saint Vincent - Chatillon ITA"]
[Date "2008.07.23"]
[Round "5"]
[White "Dvirnyy, Danyyil"]
[Black "Borgo, Giulio"]
[Result "1/2-1/2"]
[WhiteElo "2358"]
[BlackElo "2442"]
[PlyCount "35"]
[EventDate "2008.07.19"]

1. e4 d6 2. d4 Nf6 3. Nc3 Nbd7 4. Nf3 e5 5. Bc4 Be7 6. O-O O-O 7. Re1 a6 8. a4
b6 9. b3 c6 10. d5 c5 11. Kh1 Kh8 12. Rg1 Ng8 13. Qd3 g6 14. g4 Ndf6 15. h3 h6
16. Bb2 Nh7 17. Ne2 Ng5 18. Nxg5 1/2-1/2

[Event "C.to Italiano Semifinale"]
[Site "Saint Vincent - Chatillon ITA"]
[Date "2008.07.23"]
[Round "5"]
[White "Finocchiaro, Gianluca"]
[Black "Locci, Damiano"]
[Result "1/2-1/2"]
[WhiteElo "2021"]
[BlackElo "2094"]
[PlyCount "42"]
[EventDate "2008.07.19"]

1. d4 Nf6 2. Nf3 e6 3. Bf4 d5 4. e3 c5 5. c3 Nc6 6. Bd3 Bd6 7. Bg3 O-O 8. Nbd2
b6 9. Ne5 Bb7 10. Ndf3 Qe7 11. Nxc6 Bxc6 12. Ne5 Qc7 13. O-O Ne4 14. Nxc6 Nxg3
15. hxg3 Qxc6 16. Qe2 c4 17. Bc2 a5 18. a4 f5 19. f4 Rf6 20. Kf2 Rg6 21. Rh1
Qe8 1/2-1/2

[Event "C.to Italiano Semifinale"]
[Site "Saint Vincent - Chatillon ITA"]
[Date "2008.07.23"]
[Round "5"]
[White "Foglia, Maurizio"]
[Black "Sbarra, Marco"]
[Result "1/2-1/2"]
[WhiteElo "2135"]
[BlackElo "2236"]
[PlyCount "43"]
[EventDate "2008.07.19"]

1. d4 d5 2. Bf4 c5 3. e3 Nc6 4. c3 Qb6 5. Na3 cxd4 6. exd4 e5 7. dxe5 Bxa3 8.
bxa3 Nge7 9. Nf3 Ng6 10. Bg3 Qa5 11. Qd2 O-O 12. Be2 Re8 13. O-O Ngxe5 14. Nxe5
Nxe5 15. Rfd1 Nc6 16. Bf3 Be6 17. Rab1 Qxa3 18. Rxb7 Na5 19. Rb4 Nc4 20. Rxc4
dxc4 21. Bxa8 Rxa8 22. Qd8+ 1/2-1/2

[Event "C.to Italiano Semifinale"]
[Site "Saint Vincent - Chatillon ITA"]
[Date "2008.07.23"]
[Round "5"]
[White "Frugoli, Francesco"]
[Black "Landi, Andrea"]
[Result "1-0"]
[WhiteElo "2163"]
[BlackElo "1837"]
[PlyCount "103"]
[EventDate "2008.07.19"]

1. d4 d5 2. c4 c6 3. Nf3 Bf5 4. cxd5 cxd5 5. Nc3 e6 6. Bf4 Bd6 7. Qa4+ Nc6 8.
Bxd6 Qxd6 9. e3 Nge7 10. Be2 O-O 11. O-O Qb4 12. Qxb4 Nxb4 13. Rfd1 Rac8 14.
Nh4 g5 15. Nf3 f6 16. Rac1 a6 17. Ne1 Rfd8 18. a3 Nbc6 19. b4 Nb8 20. g4 Bg6
21. Na4 b5 22. Nc5 Bf7 23. Ned3 Rc6 24. Kf1 Nc8 25. Nb7 Rxc1 26. Rxc1 Rf8 27.
Ndc5 Nb6 28. Ra1 e5 29. dxe5 fxe5 30. a4 Nc4 31. axb5 axb5 32. Bxc4 bxc4 33.
Nd6 Nc6 34. b5 Nb4 35. b6 d4 36. exd4 exd4 37. b7 Bd5 38. Nd7 Bxb7 39. Nxf8 c3
40. Nxb7 d3 41. Nc5 Kxf8 42. Nxd3 Nxd3 43. Ke2 Ne5 44. h3 h5 45. gxh5 Kg7 46.
Rc1 Kh6 47. Rxc3 Kxh5 48. Kf1 Kh4 49. Kg2 Ng6 50. Rc4+ Kh5 51. Kg3 Ne5 52. Rc5
1-0

[Event "C.to Italiano Semifinale"]
[Site "Saint Vincent - Chatillon ITA"]
[Date "2008.07.23"]
[Round "5"]
[White "Gallucci, Alessio"]
[Black "Rettore, Ludwig"]
[Result "0-1"]
[WhiteElo "2152"]
[BlackElo "2230"]
[PlyCount "128"]
[EventDate "2008.07.19"]

1. e4 c5 2. Nf3 d6 3. d4 cxd4 4. Nxd4 Nf6 5. f3 Nc6 6. c4 Qb6 7. Nc2 g6 8. Nc3
Bg7 9. Rb1 Ng4 10. Qd2 Nf6 11. Qf2 Qxf2+ 12. Kxf2 O-O 13. Ne3 Nh5 14. g4 Nf4
15. Ned5 Nxd5 16. exd5 Ne5 17. Bg5 f6 18. Bd2 Bd7 19. h3 Rac8 20. b3 f5 21. g5
f4 22. h4 b5 23. Nxb5 Bxb5 24. cxb5 Rc2 25. Ke2 Nxf3 26. Kxf3 Rxd2 27. a4 Bd4
28. Be2 Rc2 29. Rhc1 Rfc8 30. Rxc2 Rxc2 31. b4 Be3 32. Rb3 Kf8 33. a5 Rc8 34.
Ra3 Bd2 35. Rb3 Be3 36. b6 axb6 37. a6 b5 38. Bxb5 Bb6 39. Bc6 e5 40. Ra3 Rc7
41. Kg4 Kg7 42. Ra1 Ba7 43. Kf3 Rf7 44. Re1 Bb6 45. Re2 Ba7 46. Re4 Bb6 47. Bb5
Rc7 48. Rc4 Rxc4 49. Bxc4 Kf7 50. Be2 Ke7 51. Bd3 Kf7 52. Be4 Ke7 53. Ke2 Kd7
54. Ke1 Kc8 55. Bxg6 hxg6 56. h5 e4 57. hxg6 Bd4 58. b5 Kc7 59. a7 Kb7 60. b6
f3 61. Kd2 e3+ 62. Kd3 e2 63. g7 Bxg7 64. Kd2 Bc3+ 0-1

[Event "C.to Italiano Semifinale"]
[Site "Saint Vincent - Chatillon ITA"]
[Date "2008.07.23"]
[Round "5"]
[White "Lamagna, Mario"]
[Black "Ricci, Alfredo"]
[Result "1-0"]
[WhiteElo "1888"]
[BlackElo "2069"]
[PlyCount "99"]
[EventDate "2008.07.19"]

1. e4 c5 2. f4 Nc6 3. Nf3 d6 4. Bb5 Nf6 5. d3 e6 6. Bxc6+ bxc6 7. e5 Nd5 8. O-O
Be7 9. Qe2 O-O 10. c4 Nc7 11. Nc3 d5 12. Kh1 a5 13. Na4 Na6 14. Be3 Rb8 15.
Rac1 d4 16. Bd2 Qc7 17. Rb1 Bd7 18. Bc1 Rb4 19. b3 Rfb8 20. Ba3 R4b7 21. Nd2
Qd8 22. Ne4 Qf8 23. g4 f5 24. exf6 gxf6 25. f5 e5 26. g5 fxg5 27. f6 Bd6 28.
Qh5 Be6 29. Qxg5+ Kh8 30. f7 Rxf7 31. Rxf7 Qxf7 32. Nxd6 Qf3+ 33. Qg2 Qxd3 34.
Qe4 Qxe4+ 35. Nxe4 Nb4 36. Nexc5 Bf5 37. Rb2 Nc2 38. Na6 Rg8 39. N6c5 Nxa3 40.
Rf2 Bg6 41. Nb2 e4 42. Rf4 Re8 43. Kg1 Nb1 44. Kf1 d3 45. Ke1 Kg7 46. Kd1 Nc3+
47. Kd2 Nxa2 48. Nd1 Nb4 49. Ne3 Rf8 50. Ne6+ 1-0

[Event "C.to Italiano Semifinale"]
[Site "Saint Vincent - Chatillon ITA"]
[Date "2008.07.23"]
[Round "5"]
[White "Paglietti, Nicola"]
[Black "Ubezio, Marco"]
[Result "1-0"]
[WhiteElo "2273"]
[BlackElo "2181"]
[PlyCount "63"]
[EventDate "2008.07.19"]

1. Nf3 Nc6 2. d4 d5 3. Bf4 Bg4 4. e3 e6 5. c4 Nf6 6. h3 Bh5 7. Nc3 Bb4 8. Rc1
O-O 9. Be2 Qe7 10. O-O dxc4 11. Bxc4 Rfd8 12. Bd3 Bg6 13. Bxg6 hxg6 14. Qa4 a6
15. a3 Bxc3 16. bxc3 b5 17. Qc2 Qxa3 18. Bxc7 Rdc8 19. Ra1 Qe7 20. Bb6 Nd7 21.
Ba5 Nxa5 22. Rxa5 Nb6 23. Ne5 Nd5 24. Rfa1 Rxc3 25. Qd2 Qc7 26. Rxb5 axb5 27.
Rxa8+ Kh7 28. Qe2 Rc1+ 29. Kh2 Qc2 30. Nxf7 Qc7+ 31. Ne5 Rc2 32. Qg4 1-0

[Event "C.to Italiano Semifinale"]
[Site "Saint Vincent - Chatillon ITA"]
[Date "2008.07.23"]
[Round "5"]
[White "Rombaldoni, Axel"]
[Black "Martorelli, Antonio"]
[Result "1-0"]
[WhiteElo "2374"]
[BlackElo "2240"]
[PlyCount "71"]
[EventDate "2008.07.19"]

1. e4 c5 2. Nf3 e6 3. d4 cxd4 4. Nxd4 a6 5. Bd3 Bc5 6. Nb3 Be7 7. Be3 Nf6 8.
N1d2 d6 9. Qe2 Nc6 10. O-O-O b5 11. f4 Bb7 12. g4 Qc7 13. Kb1 Nd7 14. g5 Nb4
15. Rc1 Nc5 16. Rhg1 Na4 17. f5 e5 18. f6 Bf8 19. a3 Nc6 20. c4 b4 21. fxg7
Bxg7 22. c5 bxa3 23. bxa3 Nd4 24. Qh5 Rb8 25. Ka2 Nxb3 26. Nxb3 d5 27. Bd2 d4
28. Rgf1 Bc6 29. Bc4 Rf8 30. Rxf7 Rxf7 31. Rf1 Bxe4 32. Rxf7 Bg6 33. Qxg6 hxg6
34. Rxc7 Bf8 35. Bf7+ Kd8 36. Ba5 1-0

[Event "C.to Italiano Semifinale"]
[Site "Saint Vincent - Chatillon ITA"]
[Date "2008.07.23"]
[Round "5"]
[White "Rombaldoni, Denis"]
[Black "Bentivegna, Francesco"]
[Result "1-0"]
[WhiteElo "2418"]
[BlackElo "2329"]
[PlyCount "41"]
[EventDate "2008.07.19"]

1. e4 e5 2. Nf3 Nc6 3. d4 exd4 4. Nxd4 Nf6 5. Nxc6 bxc6 6. e5 Nd5 7. c4 Nb6 8.
Bd3 d5 9. exd6 cxd6 10. O-O Be7 11. Qc2 Be6 12. Re1 Nd7 13. Bf4 Nc5 14. Nc3
Nxd3 15. Qxd3 O-O 16. Rad1 Qb6 17. b3 Rfd8 18. Qg3 Qb4 19. Ne4 d5 20. Bh6 g6
21. Qe5 1-0

[Event "C.to Italiano Semifinale"]
[Site "Saint Vincent - Chatillon ITA"]
[Date "2008.07.23"]
[Round "5"]
[White "Rorato, Giovanni Riccardo"]
[Black "Cordara, Michele"]
[Result "1/2-1/2"]
[WhiteElo "2065"]
[BlackElo "2146"]
[PlyCount "72"]
[EventDate "2008.07.19"]

1. d4 Nf6 2. Nf3 c5 3. d5 e6 4. Nc3 d6 5. e4 e5 6. Be2 Be7 7. O-O O-O 8. Rb1
Na6 9. Nd2 Ne8 10. Nc4 Bg5 11. f4 Bxf4 12. Bxf4 exf4 13. Rxf4 Qg5 14. Qd2 Bh3
15. Bf1 h6 16. Kh1 Bd7 17. a4 Nb4 18. Rf2 Qxd2 19. Rxd2 f5 20. e5 dxe5 21. Nxe5
Rd8 22. d6 Be6 23. Rbd1 Nf6 24. Ng6 Rfe8 25. Bb5 Bd7 26. Bxd7 Rxd7 27. Ne7+ Kf7
28. Nxf5 Re5 29. Ng3 Nc6 30. Nce2 b6 31. c3 Na5 32. b4 Nc4 33. Ra2 Rxd6 34.
Rxd6 Nxd6 35. a5 cxb4 36. cxb4 bxa5 1/2-1/2

[Event "C.to Italiano Semifinale"]
[Site "Saint Vincent - Chatillon ITA"]
[Date "2008.07.23"]
[Round "5"]
[White "Sibilio, Mario"]
[Black "Gioseffi, Massimiliano"]
[Result "1-0"]
[WhiteElo "2361"]
[BlackElo "2049"]
[PlyCount "39"]
[EventDate "2008.07.19"]

1. e4 c5 2. b3 e6 3. Nf3 d6 4. Bb2 Nf6 5. e5 dxe5 6. Nxe5 Nbd7 7. Na3 Be7 8.
Nac4 O-O 9. Bd3 Nxe5 10. Nxe5 Qc7 11. Qf3 b6 12. O-O Bb7 13. Qh3 h6 14. Rae1
Rfe8 15. f4 Bf8 16. Re3 Rad8 17. Rg3 Kh8 18. Nd7 Qxd7 19. Bxf6 gxf6 20. Qg4 1-0

[Event "C.to Italiano Semifinale"]
[Site "Saint Vincent - Chatillon ITA"]
[Date "2008.07.23"]
[Round "5"]
[White "Tocco, Paolo"]
[Black "Brancaleoni, Maurizio"]
[Result "0-1"]
[WhiteElo "2174"]
[BlackElo "2251"]
[PlyCount "86"]
[EventDate "2008.07.19"]

1. d4 Nf6 2. Nc3 d5 3. e4 Nxe4 4. Nxe4 dxe4 5. Bc4 Nc6 6. c3 e5 7. d5 Ne7 8.
Qe2 Bf5 9. h4 Nxd5 10. Bg5 f6 11. O-O-O c6 12. f3 exf3 13. Nxf3 Qc7 14. Bxd5
cxd5 15. Rxd5 Be6 16. Rd2 Qc4 17. Qxc4 Bxc4 18. b3 Be6 19. Re1 Kf7 20. Kb2 h5
21. Be3 Be7 22. Rf2 Kg6 23. Rd2 b6 24. Red1 Bg4 25. Rf1 Rhd8 26. Kc2 Bf5+ 27.
Kb2 Rxd2+ 28. Bxd2 Rd8 29. Be3 Bg4 30. Kc2 Bf5+ 31. Kb2 Be4 32. Re1 Kf5 33. Nd2
Bxg2 34. Rg1 Bc5 35. Nc4 Bd5 36. Bxc5 Bxc4 37. Be3 Be6 38. Rxg7 Rd7 39. Rg3 Ke4
40. Bh6 Bg4 41. Re3+ Kf5 42. b4 Rh7 43. Bf8 Rf7 0-1

[Event "C.to Italiano Semifinale"]
[Site "Saint Vincent - Chatillon ITA"]
[Date "2008.07.23"]
[Round "5"]
[White "Valenti, Giuseppe"]
[Black "Roversi, Stefano"]
[Result "1-0"]
[WhiteElo "2203"]
[BlackElo "1840"]
[PlyCount "87"]
[EventDate "2008.07.19"]

1. e4 c5 2. Nf3 Nc6 3. d4 cxd4 4. Nxd4 a6 5. Nc3 e6 6. a3 Nge7 7. Nxc6 Nxc6 8.
Be3 b5 9. g3 Bb7 10. Bg2 Rc8 11. O-O Na5 12. Re1 Nc4 13. Bc1 Nxa3 14. Re2 Nc4
15. Nd5 Be7 16. Nxe7 Qxe7 17. b3 Qd6 18. Qxd6 Nxd6 19. Ba3 b4 20. Bxb4 Nb5 21.
Rd2 e5 22. Rad1 Bc6 23. Bh3 Nd4 24. Bg2 f6 25. f4 Bb5 26. fxe5 fxe5 27. c4 Bc6
28. Bd6 Nxb3 29. Rf2 Nd4 30. Rdf1 Ne6 31. Rf7 Ba4 32. c5 Bb5 33. R1f2 a5 34.
Bh3 a4 35. Bxe6 dxe6 36. Re7+ Kd8 37. Rff7 Ra8 38. Bxe5 Bc6 39. Bxg7 Re8 40.
Rc7 Rg8 41. Rxc6 a3 42. Bf6+ Ke8 43. Rcc7 a2 44. Rce7+ 1-0

[Event "C.to Italiano Semifinale"]
[Site "Saint Vincent - Chatillon ITA"]
[Date "2008.07.24"]
[Round "6"]
[White "Barletta, Mauro"]
[Black "Contin, Daniel"]
[Result "0-1"]
[WhiteElo "2205"]
[BlackElo "2304"]
[PlyCount "106"]
[EventDate "2008.07.19"]

1. e4 c5 2. Nf3 Nc6 3. d3 g6 4. g3 Bg7 5. Bg2 d6 6. Nc3 Rb8 7. O-O b5 8. a3 Bd7
9. h3 e6 10. Rb1 Nge7 11. Ne2 e5 12. Be3 Nd4 13. Nexd4 cxd4 14. Bd2 Nc6 15. c3
dxc3 16. bxc3 O-O 17. Qc1 Qc7 18. Nh2 f5 19. Bh6 f4 20. Bxg7 Kxg7 21. Nf3 Qb6
22. Kh2 Rbc8 23. Qd2 Be6 24. a4 a6 25. axb5 axb5 26. Qb2 Rb8 27. Qa3 Qc5 28.
Qb2 Qa7 29. Ra1 Qc7 30. Rfc1 h6 31. Qd2 Na5 32. c4 Nb3 33. cxb5 Qb6 34. Qb2
Nxc1 35. Rxc1 Qxb5 36. Qa3 Qb6 37. Rc2 Rfc8 38. Rxc8 fxg3+ 39. fxg3 Rxc8 40. d4
exd4 41. e5 Qc5 42. Qa6 Rd8 43. Qb7+ Rd7 44. Qb8 dxe5 45. Nxe5 Rc7 46. Nd3 Qd6
47. Nf4 Bf7 48. h4 g5 49. hxg5 hxg5 50. Nd3 Bg6 51. Nb4 Be4 52. Qb5 Rc5 53. Qe8
Re5 0-1